Popsicle Stick Jokes Quiz Stats

Quiz Updated Mar 13, 2014

Challenge
Share
Tweet
Embed
Score 0/21 Timer 06:00
1 Play Today
% Correct
Nacho cheese
97.5%
Burple
97%
I'm bacon
97%
Sign language
96.6%
Heavy metal
96.2%
Lettuce pray
96.1%
Buffaload
96%
His scary godmother
95.9%
The Momba
95.8%
Monkey
95.2%
Matt
94.8%
% Correct
Annette
94.5%
Jelly fish
93.9%
A calfeteria
93.2%
Necktarine
92.7%
A yardstick
92.3%
Apricot
91.2%
Mississippi
90.3%
Butterfly
89.9%
Art
88.8%
A stick
88.8%

You're not logged in!

Compare scores with friends on all Sporcle quizzes.
Join for Free
OR
Log In

You Might Also Like...

Show Comments

Extras

Top Quizzes Today


Score Distribution

Your Account Isn't Verified!

In order to create a playlist on Sporcle, you need to verify the email address you used during registration. Go to your Sporcle Settings to finish the process.

Report this User

Report this user for behavior that violates our Community Guidelines.

Details: